La Mujer y una nueva dimensión de la actividad política /

Salvato in:
Dettagli Bibliografici
Autore principale: Contreras López, Rina María
Natura: testo
Soggetti:
Tags: Aggiungi Tag
Nessun Tag, puoi essere il primo ad aggiungerne!!

MARC

LEADER 00000 a a2200000 04500
001 17117
003
040
100 |a Contreras López, Rina María  
245 |a La Mujer y una nueva dimensión de la actividad política /  |c Rina María Contreras López 
650 |a MUJERES  
650 |a PARTICIPACION DE LA MUJER  
650 |a POLITICA  
650 |a DERECHOS DE LA MUJER  
650 |a ANALISIS HISTORICO  
650 |a LEGISLACION  
650 |a POLITICA GUBERNAMENTAL  
650 |a DEMOCRACIA  
650 |a JUSTICIA SOCIAL  
773 |g volumen 7, número 1; páginas 45-59  
999 |c 22544  |d 22544